| 000 | nam a22 a 4500 | ||
|---|---|---|---|
| 999 |
_c420744 _d420744 |
||
| 003 | BLK | ||
| 005 | 20210621152953.0 | ||
| 008 | 210621b bul|||||r ||||||| ||bul|| | ||
| 040 | _aBLK | ||
| 041 |
_aBUL _cBUL |
||
| 080 |
_aАвстрийска литература _b821.112(436) _z821.112(436)-32 |
||
| 100 | 1 |
_aШницлер, Артур _eпърви автор _9143850 |
|
| 139 | _aШницлер, Артур | ||
| 245 | 1 | 0 |
_aСмърт _bПовест _cАртур Шницлер; прев. под ред. на Георги Бакалов. |
| 250 | _a[3.] изд | ||
| 257 | _aBGR | ||
| 260 |
_aСофия _bХемус _c[1918] |
||
| 300 |
_a130 с. _c18 см |
||
| 380 | _aX | ||
| 490 |
_aУниверсална библиотека Хемус _vN 24 _9205603 |
||
| 500 | _aВ кн. означено 2. изд. (Цена в кумул.) : 3 лв. | ||
| 700 | 1 |
_aБакалов, Георги _eпрев. под ред. на _9396574 |
|
| 852 | _aЦб 8.160.4990 | ||
| 942 |
_cKNG _n0 _s1 |
||
| 944 |
_aCR _c2021-06-21 _kВР |
||